Derecho administrativo y derechos sociales fundamentales

Detalles Bibliográficos
Autor principal: Rodrg̕uez-Arana, Jaime
Formato: Libro
Lenguaje:español
Publicado: Espaą Instituto Nacional de Administracin̤ Pb︢lica (INAP) 2015
Materias:
Acceso en línea:Acceso restringido

MARC

LEADER 00000nam a22000007a 4500
005 20160302115711.0
007 cr|||| ||u|
008 160302s2015 sp ||||| |||| 00||0 spa d
020 |a 978-84-7351-474-3 
035 |a 14002 
040 |a vLex 
090 |c 5948  |d 5948 
100 1 |a Rodrg̕uez-Arana, Jaime 
245 1 0 |a Derecho administrativo y derechos sociales fundamentales  |h [Recurso electrn̤ico] /  |c Jaime Rodrg̕uez-Arana  
256 |a Servicio en ln̕ea  
260 |a Espaą  |b Instituto Nacional de Administracin̤ Pb︢lica (INAP)  |c 2015 
300 |a 1 recurso electrn̤ico  
500 |a Este libro se inscribe en el contexto del pensamiento abierto, plural, dinm̀ico y complementario y parte de una concepcin̤ unitaria de la categora̕ de los derechos fundamentales de la persona, ayudando a entender una nueva forma de acercarse a las instituciones y conceptos del derecho administrativo. 
506 1 |a Contenido solo disponible en los productos indicados   |d vLex Global  |d vLex Global (Academic Edition, excluding Law Schools)  |d vLex Global (U.S. Academic Edition, Law Schools)  |d vLex Global (U.S. Academic Edition, excluding Law Schools)  |d vLex Global (Academic Edition, Law Schools) 
650 0 4 |a Dereceho  |z Espaą 
740 0 |a vLex libros (servicio en ln̕ea)  
856 4 0 |u http://vlex.com/source/derecho-administrativo-y-derechos-sociales-fundamentales-14002  |z Acceso restringido 
942 |c BOOK 
999 0 |a Law